| 000 -LEADER |
| fixed length control field |
01528nam a22003617a 4500 |
| 001 - CONTROL NUMBER |
| control field |
12651683 |
| 003 - CONTROL NUMBER IDENTIFIER |
| control field |
OSt |
| 005 - DATE AND TIME OF LATEST TRANSACTION |
| control field |
20210419081355.0 |
| 008 - FIXED-LENGTH DATA ELEMENTS--GENERAL INFORMATION |
| fixed length control field |
020122s2000 gs a 000 0 geoo |
| 010 ## - LIBRARY OF CONGRESS CONTROL NUMBER |
| LC control number |
2001427842 |
| 020 ## - INTERNATIONAL STANDARD BOOK NUMBER |
| International Standard Book Number |
9992877618 |
| 040 ## - CATALOGING SOURCE |
| Original cataloging agency |
DLC |
| Transcribing agency |
DLC |
| Language of cataloging |
eng |
| 041 0# - LANGUAGE CODE |
| Language code of text/sound track or separate title |
geoeng |
| 043 ## - GEOGRAPHIC AREA CODE |
| Geographic area code |
a-gs--- |
| 050 00 - LIBRARY OF CONGRESS CALL NUMBER |
| Classification number |
LG332.7 |
| Item number |
.T39 2000 |
| 080 ## - UNIVERSAL DECIMAL CLASSIFICATION NUMBER |
| Universal Decimal Classification number |
94 (479.22) |
| Item number |
M-29 |
| 100 ## - MAIN ENTRY--PERSONAL NAME |
| 9 (RLIN) |
1221 |
| Personal name |
მარგველაშვილი, პარმენ / Margvelashvili, Parmen |
| 245 00 - TITLE STATEMENT |
| Title |
Tażari : |
| Remainder of title |
Ivane Javaxišvilis saxelobis Tʻbilisis saxelmcipʻo universiteti ; Kʻartʻuli saganmanatʻleblo da samecʻniero cʻentri / |
| Statement of responsibility, etc. |
[tekʻstis avtori, Parmen Margvelašvili = The temple : the I. Javakhishvili Tbilisi State University ; Georgian educational and scientific centre / text, Parmen Margvelashvili. |
| 246 31 - VARYING FORM OF TITLE |
| Title proper/short title |
Temple |
| 260 ## - PUBLICATION, DISTRIBUTION, ETC. |
| Place of publication, distribution, etc. |
Tbilisi |
| Name of publisher, distributor, etc. |
Tbilisi State University Press |
| Date of publication, distribution, etc. |
2000. |
| 300 ## - PHYSICAL DESCRIPTION |
| Extent |
176 p. |
| Other physical details |
ill. (some col.) |
| Dimensions |
27 cm. |
| 546 ## - LANGUAGE NOTE |
| Language note |
Georgian and English. |
| 610 20 - SUBJECT ADDED ENTRY--CORPORATE NAME |
| Corporate name or jurisdiction name as entry element |
Tʻbilisis saxelmcipʻo universiteti |
| General subdivision |
History. |
| 650 #0 - SUBJECT ADDED ENTRY--TOPICAL TERM |
| Topical term or geographic name entry element |
Universities and colleges |
| Geographic subdivision |
Georgia (Republic). |
| 650 #0 - SUBJECT ADDED ENTRY--TOPICAL TERM |
| Topical term or geographic name entry element |
History of Georgia |
| 9 (RLIN) |
120 |
| 650 #0 - SUBJECT ADDED ENTRY--TOPICAL TERM |
| Topical term or geographic name entry element |
Education |
| Geographic subdivision |
Georgia (Republic). |
| 651 #0 - SUBJECT ADDED ENTRY--GEOGRAPHIC NAME |
| Geographic name |
Georgia (Republic) |
| General subdivision |
History. |
| 653 ## - INDEX TERM--UNCONTROLLED |
| Uncontrolled term |
საქართველოს ისტორია |
| 700 1# - ADDED ENTRY--PERSONAL NAME |
| Personal name |
Margvelašvili, Parmen, |
| Dates associated with a name |
1943- |
| 906 ## - LOCAL DATA ELEMENT F, LDF (RLIN) |
| a |
7 |
| b |
cbc |
| c |
orignew |
| d |
2 |
| e |
ncip |
| f |
20 |
| g |
y-gencatlg |
| 942 ## - ADDED ENTRY ELEMENTS (KOHA) |
| Source of classification or shelving scheme |
|
| Koha item type |
Books |